Competidores FMS España Temporada 1 - Estadísticas

Estadísticas generales
  • Esta prueba ha sido intentada 175 veces
  • La puntuación promedio es 8 de 10
Estadísticas de respuestas
Hint Respuesta % Correcto
. Chuty
98%
. Skone
93%
. Blon
90%
. Zasko
90%
. Arkano
86%
. Bta
78%
. Mr. Ego
78%
. Invert
77%
. Errecé
76%
. Hander
72%
No se encontraron pruebas coincidentes
Distribución de puntuación
Porcentaje de gente con cada puntuación
Porcentaje por número respondido
Historial de tus puntuaciones
No has intentado esta prueba.